000 00871cab a2200229 4500
001 ABS53426
008 090401t1995 xxu||||| |||| 00| 0 eng d
035 _a(Sirsi) u4097
041 _aeng
245 _aTug of war
260 _c1995
350 _a0
490 _aProperty Week
_v52(5/6) 3-10 August 1995, 32-38(5)
520 _aInvestigates why housebuilders are still in competition to buy new land sites when house prices are falling, provides a regional breakdown of residential land values, focues on the WestAcre scheme selling new homes to the low pid at less than market value and deciding whether to sell a country estate as a single entity or in individual lots.
650 _aHOUSE PRICES
650 _aLANDED ESTATES
650 _aLOW COST HOUSING
650 _aRESIDENTIAL LAND PRICES
690 _aHOUSING
942 _n0
948 _c04/03/1997
999 _c2453
_d2453